| 000 | 00398nam a2200133Ia 4500 | ||
|---|---|---|---|
| 008 | 220217s9999||||xx |||||||||||||| ||und|| | ||
| 020 | _a0-07-047419-2 | ||
| 082 | _a005.13 LON | ||
| 100 |
_aLoney, Kevin Thakkar, Megh & Carmichael,Rachel _93551 |
||
| 245 | 0 | _aOracle9i instant PL/SQL scripts | |
| 260 |
_aTata mcgraw hill _bNew Delhi _c2002 |
||
| 300 | _b425 | ||
| 650 | _aPROGRAMMING LANGUAGE | ||
| 999 |
_c172168 _d172168 |
||